000 00780nam a22001935i 4500
001 156128
003 ES-MaACL
005 20250808072355.0
008 991104s1880 fr |||| | fre d
100 1 _aJung, Theodore.
_9172895
245 1 0 _aBonaparte et son temps, 1769-1799 d'après les documents inédits /
_cpar Th. Iung.
260 _aParis :
_bG. Charpentier,
_c1880 (
_fImp. E. Capiomont et V. Renault)
300 _a2 v. (XI, 418 ; 511 p.) :
_b[3] h. pleg. de mapas ;
_c18 cm.
600 0 4 _aNapoleón
_bI
_c, Emperador de Francia.
_984910
651 4 _aFrancia-
_xHistoria-
_y1715-1792
_98702
651 4 _aFrancia-
_xHistoria-
_y1789-1799, Revolución
_9241176
852 _aES-MaACL
_jD-1567-68
_z- Enc. hol.
_z- Legado Modesto de la Fuente
999 _c156128
_d156128